• 首页
  • 本馆介绍
  • 公告通知
  • 最新文献
  • 馆藏检索
  • 电子资源
  • 读者导购
  • 参考咨询
  • 我的图书馆
  • 登录
  • 详细信息显示
  • 放入我的书架
  • 预约/预借图书
  • 作者相关作品
  • 分类相关作品
  • 丛书相关作品
  • 出版社相关作品

书目信息

  • 表格格式
  • 工作单格式
  • 卡片格式
书名: Problems in mathematics
作者: V. Govorov ... [et al.] ; edited by A.L.Prilepko.
分册号:
分册名:
出版地: Moscow :
 
出版社: MIR Publishers
出版时间: 1986.
页数: 392 p. ;
开本: 23cm.
丛书名:
中图分类号:
科图分类号:
其他分类号: G633.6
主题词:
电子资源:
000 00577nam 22001937a 4500
001 E0751744897
005 20070426142238.15
008 030918s1986 rura 00 0 eng d
020    @a5030008020 :@cCNY19.74.
040    @aNUL@cNUL
090    @aP110.35/W16
090    @aG633.6
099    @dG633.6@ex5
245 00 @aProblems in mathematics :@bwith hints and solutions / @cV. Govorov ... [et al.] ; edited by A.L.Prilepko.
260    @aMoscow :@bMIR Publishers,@c1986.
300    @a392 p. ;@c23cm.
700 0  @aPrilepko, A. L.
700 1  @aGovorov,V.
920    @a232010@z2
    
    Problems in mathematics : : with hints and solutions / / V. Govorov ... [et al.] ; edited by A.L.Prilepko.-Moscow : : MIR Publishers, , 1986.
    392 p. ; ; 23cm.
    
    
    ISBN 5030008020 :CNY19.74.
    
●
相关链接 在E读中查询图书 在五车中查询图书 在当当中查询图书 在豆瓣中查询图书


正题名:Problems in mathematics     索取号:G633.6/x5         预约/预借

序号 登录号 条形码 馆藏地/架位号 状态 备注
1 181843   001076784   第二样本阅览室/ [索取号:G633.6/x5] 在馆    
2 181844   001076837   第四借阅区/ [索取号:G633.6/x5] 在馆    
3 181845   001076846   第四借阅区/ [索取号:G633.6/x5] 在馆    
4 183905   001076775   第四借阅区/ [索取号:G633.6/x5] 在馆    
唐山师范学院图书馆 欢迎您!
大连网信软件有限公司© 版权所有